1966: NFL Teams with the Most Points - Statistics

General Stats
  • This quiz has been taken 11 times
  • The average score is 8 of 10
Answer Stats
Number of points NFL/AFL Team % Correct
403 Cleveland Browns
100%
445 Dallas Cowboys
100%
335 Green Bay Packers
100%
448 Kansas City Chiefs
100%
322 New York Jets
75%
326 Philadelphia Eagles
75%
351 Washington Redskins
75%
358 Buffalo Bills
63%
335 Houston Oilers
63%
335 San Diego Chargers
63%
No matching quizzes found
Score Distribution
Percent of People with Each Score
Percentile by Number Answered
Your Score History
You have not taken this quiz